=LDR 00000nam 2200000 4500 =001 INLIS000000000038870 =005 20130612144529 =008 ***********************************ind** =035 ##$$a0010-061300000038870 =041 ##$$a ind =082 ##$$a 813 =090 ##$$a 813, Rob p =100 ##$$a ROBB, JD =245 ##$$a Penghariman dalam kematian/Jd Robb;Alih bahasa,Ambhita Dhyaningrum;Penyunting,Sisilia rinanti g =260 ##$$a 2011 $b Jakarta =300 ##$$a 519 Hlm, 19 Cm =650 ##$$a FIKSI =700 ##$$a DHYANINGRUM,Ambhila =850 ##$$a NBPNMAT =990 ##$$a 0001/BPAP-NTB/20142014